=LDR 00000nam 2200000 4500 =001 INLIS000000000007040 =005 20130612095112 =008 ***********************************Ind** =035 ##$$0010-061300000007040 =041 ##$$a Ind =082 ##$$a 475.607 =090 ##$$a 475.607, Roh p =100 ##$$a Rohadi =245 ##$$a Bentuk ungkapan dari kata sifat dan kata kerja, kata sifat dan perubahannya, kata kerja dan perubahanya, Drs. Rohadi =260 ##$$a 1994 $b Jakarta =300 ##$$a ... jil, 20 cm =650 ##$$a Bahasa Jepang-Tata Bahasa